000 00814nam a2200241Ia 4500
003 GCL
008 140319s9999 xx 000 0 ara d
040 _aGCL /
_cGCL
082 0 4 _aد
_b913.031
_bع م
100 1 _aكلية الاثار
245 1 0 _aمجلة كلية الاثار-العيد الذهبى لكلية الاثار /
_cكلية الاثار
260 _a[S.N] :
_bكلية الاثار ،
_c1976
300 _a156
490 _aالجغرافيا الاسلامية
_v0
650 0 4 _aالاثار الاسلامية
650 0 4 _aالاثار الفرعونية
650 0 4 _aالاثار
650 0 4 _aالاثار القبطية
650 0 4 _aالاثار الشرقية
650 0 4 _aالاثار الرومانية
650 0 4 _aالاثار اليونانية
942 _2ddc
_cCF
999 _c27419
_d27419